00318nam a22001097a 4500003000400000245003900004260002300043300000800066942001200074952010500086999001700191SGT aIndian Journal of Dental Research  bWolters Publisher  a540 2ddccBV 00102ddc405171aFDbFDd2025-03-22hVol.32iSGTUl0pPD1331r2025-03-22 00:00:00w2025-03-22yBV c30398d30398